Responses for Show #8115 - Friday, December 13, 2019

Jennifer Quail game 8.

Contestants

[<< previous game]

Lisa Murray, a grant writer from Ann Arbor, Michigan

Jeanne Fuller, a trauma surgery administrator from Irvine, California

Jennifer Quail, a wine tasting consultant from Dowagiac, Michigan (whose 7-day cash winnings total $198,400)

[next game >>]

Jeopardy! Round responses

AROUND THE MEDITERRANEAN
YOU'RE A BUNCH OF CARDS
3-LETTER WORDS
HOUSE & HOME
MOVIE EXCHANGES
(Alex: Each correct response will be one or more characters in those movies.)
NELLIE BLY
    $200 16
the Suez Canal

Jeanne
    $200 1
credit cards

Lisa
    $200 2
yon

Jennifer
    $200 8
a booster seat

Jeanne
    $200 13
Marty McFly

Jennifer
    $200 26
(Joseph) Pulitzer

Jennifer
    $400 17
Corsica

Lisa
    $400 7
(Lisa: What are ships?)

subway cards (transit cards)

JenniferLisa
    $400 3
(Alex: Cute [*].)

a kid

Jennifer
    $400 9
a tub

Jeanne
    $400 14
Forrest Gump

Jennifer
    $400 27
Mexico

Jennifer
    $600 18
"Ibiza"

Triple Stumper
    $600 20
memory cards

Jennifer
    $600 4
(Jennifer: What is the [*] point?)

dew

Jennifer
    $600 10
(Lisa: What is a candelabra?)

chandelier

JeanneLisa
    $600 15
(Lisa: What is The Matrix?)

Morpheus

Lisa
Triple Stumper
    $2,000 28
Jules Verne

Jennifer
    $800 19
Istanbul

Jennifer
    $800 21
tarot cards

Lisa
    $800 5
(Lisa: What is but?)

bar

Lisa
Triple Stumper
    $800 11
a hot water heater

Jeanne
    $800 24
(Alex: Oh boy. Fell right into your niche there.)

Han Solo & Princess Leia

Jennifer
    $800 29
the trenches

Jennifer
    $1000 23
(Jeanne: What is Greece?)
...
(Alex: Yeah. Uh... yes. We'll accept that.)

the Peloponnesian

JenniferJeanne
    $1000 22
baseball cards

Jennifer
    $1000 6
a nap

Lisa
    $1000 12
islands

Lisa
    $1000 25
(Alex: My name is Inigo Montoya. I'm going to kill you.)

Inigo Montoya & Westley

Jennifer
    $1000 30
hysteria

Jennifer

Scores at the first commercial break (after clue 15):

Jennifer Jeanne Lisa
$2,200 $2,000 -$200

Scores at the end of the Jeopardy! Round:

Jennifer Jeanne Lisa
$11,800 $1,200 $1,000

Double Jeopardy! Round responses

BY POPE-ULAR DEMAND
LITERARY TV ADAPTATIONS
PLACE NAME ETYMOLOGY
WORD WAR Z
FACTS
MATTER
    $400 6
Michelangelo

Jeanne
    $400 1
The Six Million Dollar Man

Jennifer
    $400 7
baden

Lisa
    $400 18
Poland

Jennifer
    $400 14
a bat

Jeanne
    $400 26
gases

Jennifer
    $800 12
afraid

Jennifer
    $800 2
Good Omens

Jennifer
    $800 8
Mandarin

Lisa
    $800 19
a Zamboni

Jeanne
    $800 15
a propeller

Jennifer
    $800 27
E=mc2

Jennifer
    $1200 13
Schism

Jeanne
    $1200 3
Elmore Leonard

Triple Stumper
    $2,200 9
stan

Lisa
    $1200 21
fermentation

Jennifer
    $1200 20
Louisville and Lexington

Jennifer
    $1200 28
the Big Bang

Lisa
    $1600 16
church and state

Jennifer
    $1600 4
Bosch

Triple Stumper
    $1600 10
below (lower)

Jeanne
    $1600 22
Zaire

Jennifer
    $1600 24
speakeasies

Jennifer
    $1600 29
inertia

Jeanne
    $2,000 17
Vatican II

Jennifer
    $2000 5
You

Triple Stumper
    $2000 11
Pradesh

Jennifer
    $2000 23
a wasp

Jeanne
    $2000 25
(Lisa: What is leprosy?)

Gerhard Hansen

Lisa
Triple Stumper
    $2000 30
the Higgs boson

Triple Stumper

Scores at the end of the Double Jeopardy! Round:

Jennifer Jeanne Lisa
$27,400 $9,200 $3,600
(lock game)

[wagering suggestions for these scores]

Final Jeopardy! Round responses

BUSINESS NAMESAKES
LisaWhat is McDonald's?
$3,500
JeanneWhat is McDonald? Zot!
$1,998
JenniferWhat is McDonald?
$3,000
McDonald

Final scores:

Jennifer Jeanne Lisa
$30,400 $11,198 $7,100
8-day champion: $228,800 2nd place: $2,000 3rd place: $1,000

Game dynamics:

Coryat scores:

Jennifer Jeanne Lisa
$26,000 $9,200 $2,600
31 R
(including 2 DDs),
0 W
12 R,
1 W
9 R
(including 1 DD),
5 W

Combined Coryat: $37,800

[game clues] [game scores] [suggest correction]

Game tape date: 2019-10-05
The J! Archive is created by fans, for fans. Scraping, republication, monetization, and malicious use prohibited; this site may use cookies and collect identifying information. See terms. The Jeopardy! game show and all elements thereof, including but not limited to copyright and trademark thereto, are the property of Jeopardy Productions, Inc. and are protected under law. This website is not affiliated with, sponsored by, or operated by Jeopardy Productions, Inc. Join the discussion at JBoard.tv.